000 00898cam a2200253 a 4500
001 3977639
005 20160823150457.0
008 950206s1995 maua b 001 0 eng
010 _a 95005980
020 _a0878931848 (paper)
040 _aDLC
_cDLC
_dDLC
050 0 0 _aQH366.2
_b.F88 1995
082 0 0 _a575
_220
100 1 _aFutuyma, Douglas J.,
_d1942-
245 1 0 _aScience on trial :
_bthe case for evolution /
_cDouglas J. Futuyma.
260 _aSunderland, Mass., U.S.A. :
_bSinauer Associates,
_cc1995.
300 _axii, 287 p. :
_bill. ;
_c22 cm.
500 _aUpdated ed. of: New York : Pantheon Books, c1983.
504 _aIncludes bibliographical references and index.
650 0 _aEvolution (Biology)
906 _a7
_bcbc
_corignew
_d1
_eocip
_f19
_gy-gencatlg
942 _2lcc
_cBK
999 _c6411
_d6411